| 000 | 00904nam a2200253Ia 4500 | ||
|---|---|---|---|
| 003 | OSt | ||
| 005 | 20221005112511.0 | ||
| 006 | a|||||r|||| 00| 0 | ||
| 007 | ta | ||
| 008 | 221004b |||||||| |||| 00| 0 pan d | ||
| 020 |
_a9788179144503 (hbk) _c148.75 |
||
| 024 | _a14014 | ||
| 037 |
_b871, 14/08/2014, H.K. Prakashan _cTextual |
||
| 040 |
_aCRL _cCRL _bpan |
||
| 041 |
_2pan _apan |
||
| 082 | _aO153,1NGRx, Q2 | ||
| 100 | _aਗਰੇਵਾਲ, ਸੁਖਦੇਵ ਸਿੰਘ | ||
| 245 | 0 | _aਰੰਗ ਨਿਆਰੇ Fਿਅਰਾਂ ਦੇ | |
| 260 |
_aਚੰਡੀਗੜ _bਲੋਕਗੀਤ ਪ੍ਰਕਾFਨ ਭਾਰਤ _c2012 |
||
| 300 |
_a112ਪੰ _ccm. |
||
| 650 | _aਪੰਜਾਬੀ ਸਾਹਿਤ | ||
| 942 |
_hO153,1NGRx, Q2 _cTEXL _2cc |
||
| 999 |
_c1025075 _d1025075 |
||